000 00274nam a2200097Ia 4500
001 639920
005 20250826153437.0
008 250824s9999 xx 000 0 und d
245 0 _aJANE EYRE ANTİK OKUL KLASİKLERİ
_cCHARLOTTE BRONTE
260 _bANTİK DÜNYA KLASİKLERİ
999 _c639920
_d639920